01654nam a22001937a 450000500170000000800410001702000180005804000070007604100080008308200200009110000160011124500230012726000390015030000280018936500570021752011560027465000120143070000180144220211030101801.0211030b ||||| |||| 00| 0 eng d a9781398500440 cAl aEng 223a813.6bMILE aVince Flynn aEnemy at the gates aNew DelhibSimon & Schuster c2021 a340p.bPBc23.5x15.5cm. aBLCR-000062b₹479.20c₹d599.00e20%f04-10-2021 aTHE NEW PULSE-POUNDING THRILLER IN THE NEW YORK TIMES BESTSELLING MITCH RAPP SERIES When a high-level mole with power to rewrite world order infiltrates the CIA, Rapp must uncover a threat like no other. After a blackout swept the nation, America is resuming life as normal with a new president, one unlike any Mitch Rapp has worked with in the past. As Rapp backs away, the new president, in turn, questions his loyalty. Rapp decides to take a much-needed break. But when it's discovered that a mole in the CIA has been digging into their systems for information on Nicholas Ward, the world's first trillionaire and the man personally overseeing cutting-edge medical research in Uganda, he is pulled back onto the job. Protecting Ward, Rapp is completely cut off from the agency as he works to identify and expose the mole. But the situation is complex. And the threat is one he could never have imagined... 'Packed with enough suspense to match all the hard-hitting action, Enemy at the Gates ups the ante moving forward, and if you think you've already seen Kyle Mills at his best . . . think again. This one is not to be missed' The Real Book Spy  aFiction aFLYNN (Vince)